Deutsche größte Städte nach Buchstabe - K - Statistiken

Allgemein
  • Dieses Quiz wurde 93 mal gespielt
  • Das Durchschnittsergebnis liegt bei 11 aus 20
Antwortstatistiken
Bundesland Einwohner Stadt % Korrekt
Schleswig-Holstein 252.668 Kiel
99%
NRW 1.024.621 Köln
99%
Baden-Württemberg 309.050 Karlsruhe
98%
Rheinland-Pfalz 100.426 Kaiserslautern
92%
Rheinland-Pfalz 113.378 Koblenz
91%
Hessen 197.230 Kassel
89%
NRW 231.406 Krefeld
87%
Baden-Württemberg 86.919 Konstanz
73%
Bayern 67.645 Kempten (Allgäu)
66%
NRW 66.585 Kerpen
42%
NRW 42.319 Kamen
35%
Bayern 46.193 Kaufbeuren
35%
NRW 53.028 Kleve
35%
Baden-Württemberg 39.584 Kehl
34%
Brandenburg 39.360 Königs Wusterhausen
24%
NRW 40.574 Königswinter
18%
Baden-Württenberg 42.299 Kirchheim unter Teck
15%
NRW 43.295 Kaarst
11%
NRW 34.600 Korschenbroich
9%
NRW 38.217 Kamp-Lintfort
7%
Keine übereinstimmenden Quizze gefunden
Verteilung der Resultate
Anzahl Personen mit jedem Resultat
Perzentil nach korrekt beantworteten Fragen
Ihre Resultats-Entwicklung
Sie haben dieses Quiz noch nicht gespielt